| Tag |
First Indicator |
Second Indicator |
Subfields |
| LEADER |
00000cam a2200000Ia 4500 |
| 001 |
in00002781951 |
| 006 |
m d |
| 007 |
cr cn||||||||| |
| 008 |
111107s2012 enka ob 001 0 eng d |
| 005 |
20250816213652.5 |
| 010 |
|
|
|z 2011046218
|
| 020 |
|
|
|z 9781107017108
|
| 020 |
|
|
|z 9781139515191
|
| 035 |
|
|
|a (CaPaEBR)ebr10578269
|
| 035 |
|
|
|a (OCoLC)808349177
|
| 040 |
|
|
|a CaPaEBR
|c CaPaEBR
|d UtOrBLW
|
| 050 |
1 |
4 |
|a QC173.454
|b .S53 2012eb
|
| 082 |
0 |
4 |
|a 530.4/1
|2 23
|
| 100 |
1 |
|
|a Sidebottom, David L.,
|d 1961-
|
| 245 |
1 |
0 |
|a Fundamentals of condensed matter and crystalline physics /
|c David L. Sidebottom, Creighton University, Omaha.
|
| 264 |
|
1 |
|a Cambridge ;
|a New York :
|b Cambridge University Press,
|c 2012.
|
| 300 |
|
|
|a 1 online resource (xix, 398 pages) :
|b illustrations
|
| 336 |
|
|
|a text
|b txt
|2 rdacontent
|
| 337 |
|
|
|a computer
|b c
|2 rdamedia
|
| 338 |
|
|
|a online resource
|b cr
|2 rdacarrier
|
| 504 |
|
|
|a Includes bibliographical references and index.
|
| 500 |
|
|
|a Electronic resource.
|
| 650 |
|
0 |
|a Condensed matter
|v Textbooks.
|
| 650 |
|
0 |
|a Crystals
|v Textbooks.
|
| 655 |
|
7 |
|a Electronic books.
|2 local
|
| 710 |
2 |
|
|a ebrary, Inc.
|
| 856 |
4 |
0 |
|u https://ebookcentral.proquest.com/lib/tamucs/detail.action?docID=944733
|y Connect to the full text of this electronic book
|t 0
|
| 980 |
|
|
|a 120918
|b 75
|c USD
|e 75
|f YBP_EBR0000042581
|g 1
|
| 999 |
f |
f |
|s af605ef3-5129-3c8f-8dd2-deec58ae008e
|i 8af72b48-cc4a-33fa-8a31-e624192b8268
|t 0
|
| 999 |
|
|
|a MARS
|
| 952 |
f |
f |
|a Texas A&M University
|b College Station
|c Electronic Resources
|d Available Online
|t 0
|e QC173.454 .S53 2012eb
|h Library of Congress classification
|
| 998 |
f |
f |
|a QC173.454 .S53 2012eb
|t 0
|l Available Online
|